[Event "26.OHHSenEM2019"]
[Site "Hamburg"]
[Date "2019.11.11"]
[Round "1.1"]
[White "Wilke, Wolfgang"]
[Black "Szenetra, Werner"]
[Result "1/2-1/2"]
[WhiteElo "1605"]
[BlackElo "2133"]
[PlyCount "81"]
[EventDate "2019.??.??"]
[WhiteTeam "SV Grosshansdorf"]
[BlackTeam "SV Berenbostel"]

1. e4 d6 2. Bc4 e6 3. d4 g6 4. c3 Bg7 5. Nf3 Nf6 6. Nbd2 O-O 7. O-O Nxe4 8. Nxe4 d5 9. Bd3 dxe4 10. Bxe4 Nd7 11. Re1 Nf6 12. Bc2 b6 13. Bg5 h6 14. Bh4 Bb7 15. Qd3 Rc8 16. Rad1 c5 17. Qe2 cxd4 18. Rxd4 Qe7 19. Red1 g5 20. Bg3 Bxf3 21. Qxf3 Nd5 22. R4d2 f5 23. Qe2 Qf6 24. f3 Rfe8 25. Bf2 Nf4 26. Qb5 Nd5 27. Bd4 Qf7 28. Bxg7 Kxg7 29. Bb3 Rc5 30. Qa4 Re7 31. Bxd5 exd5 32. Qd4+ Qf6 33. Qxf6+ Kxf6 34. Rxd5 Rxd5 35. Rxd5 Re2 36. Rb5 f4 37. Kf1 Rc2 38. a4 Ke6 39. a5 bxa5 40. Rxa5 Rxb2 41. Rxa7 1/2-1/2

[Event "26.OHHSenEM2019"]
[Site "Hamburg"]
[Date "2019.11.11"]
[Round "1.2"]
[White "Kornrumpf, Prof. Dr. Joachim"]
[Black "Schmeichel, Wolfgang"]
[Result "1-0"]
[WhiteElo "2054"]
[BlackElo "1563"]
[PlyCount "35"]
[EventDate "2019.??.??"]
[WhiteTeam "Preetzer TSV"]
[BlackTeam "SF Wedel"]

{[%evp 0,21,19,-12,-27,-24,-15,-46,-38,-45,-27,-42,12,-29,8,-29,-9,-2,23,27,18,-4,40,28]} 1. c4 e5 2. e3 Nc6 3. b3 Nf6 4. Bb2 Bc5 5. a3 a5 6. Be2 O-O 7. d3 d6 8. Nf3 e4 9. dxe4 Nxe4 10. Nc3 Nxc3 11. Bxc3 Ne7 12. O-O Bf5 13. b4 Bb6 14. Qd2 axb4 15. axb4 Rxa1 16. Bxa1 c5 17. Rd1 Bc7 18. bxc5 1-0

[Event "26.OHHSenEM2019"]
[Site "Hamburg"]
[Date "2019.11.11"]
[Round "1.3"]
[White "Werner, Joern"]
[Black "Grimm, Uwe"]
[Result "0-1"]
[Annotator "lenovo"]
[WhiteElo "1560"]
[BlackElo "2045"]
[PlyCount "90"]
[EventDate "2019.??.??"]
[WhiteTeam "SK Wilhelmsburg 1936 eV"]
[BlackTeam "MTV Dannenberg"]

{[%evp 0,63,21,17,29,28,28,4,27,30,28,27,27,18,38,32,32,25,33,33,57,22,76,42,54,35,36,22,22,21,43,31,31,8,15,0,0,-3,0,0,19,-36,-36,-30,-18,-29,-16,-12,11,20,16,4,0,0,50,21,45,25,37,58,127,65,286,216,284,302]} 1. e4 Nc6 2. Nc3 e5 3. Nf3 d6 4. Bc4 Be7 5. d3 h6 6. Nd5 Nf6 7. Nxe7 Qxe7 8. c3 O-O 9. h3 Bd7 10. a3 Nd8 11. Be3 c6 12. b4 Kh7 13. Qc2 Kh8 14. Rd1 a5 15. O-O Nh7 16. d4 axb4 17. axb4 exd4 18. Bxd4 c5 19. bxc5 dxc5 20. Be3 Nf6 21. e5 Ng8 22. Rd5 Ne6 23. Rd6 Rfc8 24. Qd2 Bc6 25. Nh2 Ng5 26. Bxg5 hxg5 27. Qe2 Nh6 28. Re1 Bd7 29. Qh5 Rc6 30. Rxc6 bxc6 31. Nf3 Ra4 32. Bd3 g4 33. Qg5 Qe8 34. hxg4 Rxg4 35. Qh5 Ra4 36. Nh2 Kg8 37. f3 c4 38. Be4 Qe7 39. Bb1 Ra5 40. f4 Qa3 41. Qh4 Ra8 42. Qg3 Rb8 43. Be4 Nf5 44. Qh3 Qa7+ 45. Kh1 Qf2 0-1

[Event "26.OHHSenEM2019"]
[Site "Hamburg"]
[Date "2019.11.11"]
[Round "1.4"]
[White "Hawranke, Dietrich"]
[Black "Frackowiak, Stanislaw"]
[Result "1-0"]
[Annotator "lenovo"]
[WhiteElo "2044"]
[BlackElo "1550"]
[PlyCount "63"]
[EventDate "2019.??.??"]
[WhiteTeam "Pinneberger SC 1932 eV"]
[BlackTeam "Hamburger SK von 1830 eV"]

{[%evp 0,81,21,17,72,54,76,52,73,65,73,82,82,84,67,53,62,-25,82,75,67,58,122,112,122,88,66,38,60,57,51,-19,-12,0,0,-20,-16,-31,0,-55,-55,-96,-122,-109,-100,-81,-51,-114,-87,-113,-118,-123,-114,-119,-122,-126,-120,-166,-168,-193,-185,-191,-188,-204,-204,-203,-208,-220,-219,-225,-241,-227,-244,-252,-259,-344,-263,-281,-261,-272,-277,-364,-327,-330]} 1. Nf3 Nf6 2. d4 e6 3. c4 b6 4. e3 Bb7 5. Bd3 Bb4+ 6. Bd2 Nc6 7. Nc3 O-O 8. O-O Bxc3 9. Bxc3 Ne7 10. Rc1 d5 11. Ne5 Nc6 12. f4 dxc4 13. Nxc4 Qd5 14. Qe2 Ne7 15. Ne5 a5 16. a3 Rac8 17. Rfd1 Nf5 18. Nf3 Ne4 19. Be1 Nfd6 20. Ba6 Bxa6 21. Qxa6 Ra8 22. Qd3 Rac8 23. Ne5 Qb7 24. Nc6 Rfe8 25. Bh4 f6 26. Rc2 Kf7 27. Rdc1 h6 28. b4 axb4 29. axb4 f5 30. d5 Nf6 31. Bxf6 gxf6 32. dxe6+ 1-0

[Event "26.OHHSenEM2019"]
[Site "Hamburg"]
[Date "2019.11.11"]
[Round "1.5"]
[White "Behrensen, Joern"]
[Black "Porth, Hartmut"]
[Result "0-1"]
[Annotator "lenovo"]
[WhiteElo "1544"]
[BlackElo "1990"]
[PlyCount "81"]
[EventDate "2019.??.??"]
[WhiteTeam "Hamburger SK von 1830 eV"]
[BlackTeam "SV Bargteheide"]

{[%evp 0,65,22,23,50,36,20,17,24,5,0,0,0,-5,36,3,3,-2,33,44,37,34,25,19,20,4,57,58,54,69,76,26,51,37,43,54,61,22,108,103,129,142,134,127,141,150,154,187,161,176,306,236,241,246,277,237,401,219,255,277,384,258,1025,1081,1779,2407,3067,29976]} 1. d4 g6 2. Nf3 Bg7 3. Bf4 d6 4. e4 Nf6 5. Nc3 c6 6. Be2 Nbd7 7. Qd2 b5 8. Bh6 O-O 9. Bxg7 Kxg7 10. e5 dxe5 11. dxe5 Ng8 12. O-O-O Qb6 13. Qd4 Qxd4 14. Rxd4 Nc5 15. Nd2 Ne6 16. Re4 Bb7 17. h4 Rad8 18. Bf3 Nd4 19. Rxd4 Rxd4 20. Nxb5 cxb5 21. Bxb7 Rb8 22. Bf3 e6 23. Be2 Ne7 24. Nf3 Rd5 25. Rd1 Rxd1+ 26. Kxd1 Rd8+ 27. Bd3 Rd5 28. Ke2 Nc6 29. c4 bxc4 30. Bxc4 Rc5 31. b3 Nxe5 32. Nxe5 Rxe5+ 33. Kf3 Kf6 34. g4 h5 35. g5+ Ke7 36. Bd3 Re1 37. a4 Rh1 38. Kg3 Rd1 39. Bc4 a5 40. Kf3 Kd6 41. Kf4 0-1

[Event "26.OHHSenEM2019"]
[Site "Hamburg"]
[Date "2019.11.11"]
[Round "1.6"]
[White "Villing, Dieter"]
[Black "Geissler, Karl-Heinz"]
[Result "1-0"]
[Annotator "lenovo"]
[WhiteElo "1956"]
[BlackElo "1504"]
[PlyCount "65"]
[EventDate "2019.??.??"]
[WhiteTeam "SK 1912 Ludwigshafen"]
[BlackTeam "Muemmelmannsberger SV"]

{[%evp 0,46,23,28,26,-14,36,31,27,42,42,33,55,36,63,60,63,59,58,73,56,23,9,-9,17,-170,-71,-71,-99,-99,-72,-161,-161,-383,-394,-412,-423,-402,-411,-1073,-1517,-29993,-29994,-29995,-29996,-29997,-29998,-29999,-30000]} 1. e4 e6 2. d4 d5 3. e5 Bd7 4. Nf3 c5 5. c3 Nc6 6. Be2 cxd4 7. cxd4 Nge7 8. O-O Qb6 9. Nc3 a6 10. Na4 Qc7 11. b3 Nf5 12. Bb2 b6 13. Rc1 Qb7 14. g4 Nfe7 15. Ba3 Ng6 16. Bxf8 Rxf8 17. Qd2 Rh8 18. h4 Na5 19. h5 Bxa4 20. hxg6 Bd7 21. gxf7+ Kxf7 22. Ng5+ Kg8 23. f4 h6 24. Nh3 Bb5 25. f5 Bxe2 26. Qxe2 Nc6 27. Qd3 Qd7 28. Nf4 exf5 29. gxf5 Ne7 30. Ne6 Kf7 31. Rc7 Qe8 32. Qg3 Rh7 33. f6 1-0

[Event "26.OHHSenEM2019"]
[Site "Hamburg"]
[Date "2019.11.11"]
[Round "1.7"]
[White "Heitsch, Karl-Wilhelm"]
[Black "Pfitzer, Prof. Dr.Norbert"]
[Result "0-1"]
[Annotator "lenovo"]
[WhiteElo "1492"]
[BlackElo "1955"]
[PlyCount "46"]
[EventDate "2019.??.??"]
[WhiteTeam "Betriebsschach"]
[BlackTeam "SV Backnang"]

{[%evp 0,81,26,22,23,29,32,38,93,83,94,66,37,55,66,52,94,68,59,67,62,44,40,44,31,28,57,48,69,36,56,22,33,15,47,-1,33,50,68,69,111,118,118,46,40,44,39,37,87,87,58,34,49,50,147,92,142,19,21,54,59,0,83,21,575,585,582,597,645,648,665,627,693,621,635,632,826,646,800,823,1339,1410,1463,1502]} 1. d4 Nf6 2. c4 g6 3. Nc3 Bg7 4. e4 d6 5. Nf3 O-O 6. Be2 Nc6 7. h3 Bd7 8. Be3 e5 9. d5 Ne7 10. Qd2 Nxe4 11. Nxe4 f5 12. Bh6 fxe4 13. Bxg7 Kxg7 14. Ng5 e3 15. fxe3 Nxd5 16. Ne4 Qh4+ 17. Kd1 Qxe4 18. Qxd5 Qxe3 19. Qxb7 Rab8 20. Qxc7 Rxb2 21. Qxd7+ Kh6 22. Qxd6 Qxe2+ 23. Kc1 Qc2# 0-1

[Event "26. OHHSenEM2019"]
[Site "?"]
[Date "2019.11.13"]
[Round "1.8"]
[White "Kreutzkamp, Hans-Rudolf"]
[Black "Eberhardt, Michael"]
[Result "1-0"]
[WhiteElo "1948"]
[BlackElo "1487"]
[PlyCount "81"]
[EventDate "2019.11.13"]

1. e4 d5 2. exd5 Nf6 3. d4 Bg4 4. f3 Bf5 5. Bd3 Bxd3 6. Qxd3 Qxd5 7. Nc3 Qd6 8. Nge2 Nc6 9. Bf4 Qd7 10. a3 O-O-O 11. Rd1 e6 12. O-O h6 13. b4 g5 14. Be3 Nd5 15. Nxd5 exd5 16. Ng3 Ne7 17. c4 Bg7 18. c5 Rhf8 19. b5 c6 20. bxc6 Qxc6 21. Nf5 Nxf5 22. Qxf5+ Qe6 23. Qd3 f5 24. c6 f4 25. Bf2 Rf7 26. Rb1 Rc7 27. cxb7+ Rxb7 28. Rxb7 Kxb7 29. Re1 Qc6 30. h3 Kc7 31. Re2 Kd7 32. Qf5+ Kc7 33. Rc2 Rd7 34. Rxc6+ Kxc6 35. Qc2+ Kd6 36. Qc5+ Ke6 37. Be1 Bf6 38. Bb4 Be7 39. Qc6+ Bd6 40. Bxd6 Rxd6 41. Qe8+ 1-0

[Event "26.OHHSenEM2019"]
[Site "Hamburg"]
[Date "2019.11.11"]
[Round "1.9"]
[White "Berking, Dr. Bernhard"]
[Black "Gollasch, Theo-Heinz"]
[Result "1/2-1/2"]
[WhiteElo "1485"]
[BlackElo "1944"]
[PlyCount "52"]
[EventDate "2019.??.??"]
[WhiteTeam "SchVgg Blankenese von 1923 e.V."]
[BlackTeam "Hamburger SK von 1830 eV"]

1. c4 e6 2. d4 d5 3. cxd5 exd5 4. Nf3 Nf6 5. Nc3 Bd6 6. g3 O-O 7. Bg2 b6 8. O-O Bb7 9. a3 Re8 10. Nb5 Bf8 11. Bg5 Na6 12. Rc1 c6 13. Nc3 h6 14. Bf4 Bd6 15. Bxd6 Qxd6 16. e3 c5 17. dxc5 Nxc5 18. Nd4 Qd7 19. Qc2 Rac8 20. Qf5 Qxf5 21. Nxf5 Rcd8 22. Nd4 Nfe4 23. Rfd1 Nxc3 24. Rxc3 Rd7 25. Bh3 Rdd8 26. b4 Ne6 1/2-1/2

[Event "26.OHHSenEM2019"]
[Site "Hamburg"]
[Date "2019.11.11"]
[Round "1.10"]
[White "Strampfer, Jens"]
[Black "Neldner, Frank"]
[Result "1-0"]
[WhiteElo "1926"]
[BlackElo "1482"]
[PlyCount "73"]
[EventDate "2019.??.??"]
[WhiteTeam "SC Roesselsprung e.V."]
[BlackTeam "Hamburger SK von 1830 eV"]

1. b3 e5 2. Bb2 Nc6 3. e3 Nf6 4. Bb5 d6 5. d4 exd4 6. exd4 Bd7 7. d5 Ne5 8. Bxd7+ Nexd7 9. c4 Be7 10. Nf3 O-O 11. O-O a5 12. Nc3 Nc5 13. a3 Re8 14. Re1 Bf8 15. Qc2 c6 16. dxc6 bxc6 17. Nd4 Qc7 18. b4 axb4 19. axb4 Rxa1 20. Rxa1 Ne6 21. Nce2 d5 22. Nxe6 fxe6 23. Bxf6 gxf6 24. c5 e5 25. Qf5 Qe7 26. Ra3 Qe6 27. Qh5 Re7 28. Ra8 Rg7 29. Ng3 Qf7 30. Qf5 d4 31. Ne4 Rg6 32. h4 h5 33. g4 Kg7 34. Qc8 Qe7 35. Nd6 Kg8 36. Qf5 Qh7 37. Qe6+ 1-0

[Event "26.OHHSenEM2019"]
[Site "Hamburg"]
[Date "2019.11.11"]
[Round "1.11"]
[White "Raedisch, Peter"]
[Black "Emami, Madjid"]
[Result "0-1"]
[WhiteElo "1477"]
[BlackElo "1907"]
[PlyCount "44"]
[EventDate "2019.??.??"]
[WhiteTeam "SF Hamburg e.V. 1934"]
[BlackTeam "Hamburger SK von 1830 eV"]

1. e4 g6 2. d4 Bg7 3. Nf3 d6 4. Bc4 Nf6 5. Ng5 O-O 6. f3 h6 7. Nh3 Bxh3 8. gxh3 e6 9. Rg1 d5 10. Bd3 dxe4 11. Be2 Nc6 12. c3 e5 13. Be3 Nd5 14. Bf2 e3 15. Bg3 exd4 16. Bc4 dxc3 17. bxc3 Nxc3 18. Qxd8 Raxd8 19. Na3 Nd4 20. Bf4 Nxf3+ 21. Kf1 Nxg1 22. Kxg1 e2 0-1

[Event "26.OHHSenEM2019"]
[Site "Hamburg"]
[Date "2019.11.11"]
[Round "1.12"]
[White "Schulz, Wolfgang"]
[Black "Hinke, Gerhard"]
[Result "1-0"]
[WhiteElo "1907"]
[BlackElo "1470"]
[PlyCount "97"]
[EventDate "2019.??.??"]
[WhiteTeam "Hamburger SK von 1830 eV"]
[BlackTeam "Muemmelmannsberger SV"]

1. e4 e6 2. d3 d5 3. Nd2 Nd7 4. Ngf3 dxe4 5. dxe4 c6 6. g3 b5 7. a4 Qb6 8. Bg2 Ne7 9. O-O Ng6 10. c3 Be7 11. b4 Nge5 12. Nb3 O-O 13. Bf4 Nxf3+ 14. Qxf3 e5 15. Be3 Qc7 16. Qe2 a6 17. f4 Bb7 18. Qf2 f6 19. Rfd1 Bd6 20. Qd2 exf4 21. gxf4 bxa4 22. Qxd6 Qxd6 23. Rxd6 axb3 24. Rxd7 Bc8 25. Rd6 a5 26. Rxa5 Rxa5 27. bxa5 Bb7 28. Bc1 h6 29. Bf1 Kh7 30. Bc4 Ra8 31. a6 Bxa6 32. Bxb3 Bb5 33. c4 Ba4 34. Rd3 h5 35. Kg2 c5 36. Be3 Bc6 37. Kg3 Bxe4 38. Rc3 Rc8 39. Bc2 f5 40. Bxe4 fxe4 41. f5 Kg8 42. Kf4 Kf7 43. Ra3 Rc6 44. Ra5 g5+ 45. Kxg5 h4 46. Rxc5 Ra6 47. Rc7+ Ke8 48. f6 Ra3 49. f7+ 1-0

[Event "26.OHHSenEM2019"]
[Site "Hamburg"]
[Date "2019.11.11"]
[Round "1.13"]
[White "Wichmann, Dieter"]
[Black "Ditmas, Hugh"]
[Result "0-1"]
[WhiteElo "1458"]
[BlackElo "1888"]
[PlyCount "76"]
[EventDate "2019.??.??"]
[WhiteTeam "Hamburger SK von 1830 eV"]
[BlackTeam "Bremer SG von 1877"]

1. d4 Nf6 2. Bf4 e6 3. e3 c5 4. Nf3 d5 5. Nbd2 Nc6 6. c3 Bd6 7. Bxd6 Qxd6 8. Bd3 O-O 9. O-O b6 10. Re1 Bb7 11. e4 dxe4 12. Nxe4 Nxe4 13. Bxe4 cxd4 14. cxd4 Rfd8 15. d5 exd5 16. Bc2 Re8 17. Qd3 g6 18. Bb3 Ne5 19. Nxe5 Rxe5 20. Rxe5 Qxe5 21. Qd2 Rc8 22. h3 d4 23. Bc4 Kg7 24. Rd1 Rd8 25. Re1 Qc5 26. b3 Bd5 27. Bxd5 Qxd5 28. Qd3 Rd7 29. Kf1 Qc5 30. Rd1 b5 31. Qb1 b4 32. Rc1 Qb5+ 33. Rc4 d3 34. Qb2+ f6 35. Qd2 a5 36. Rh4 Qg5 37. Rf4 Qxf4 38. Qxf4 d2 0-1

[Event "26.OHHSenEM2019"]
[Site "Hamburg"]
[Date "2019.11.11"]
[Round "1.14"]
[White "Duemmke, Juergen"]
[Black "Kaiser, Guenter"]
[Result "1-0"]
[WhiteElo "1831"]
[BlackElo "1456"]
[PlyCount "73"]
[EventDate "2019.??.??"]
[WhiteTeam "SV Grosshansdorf"]
[BlackTeam "SK Union Eimsbuettel eV"]

1. e4 Nf6 2. e5 Nd5 3. Nc3 Nxc3 4. dxc3 d6 5. Bc4 c6 6. Nf3 d5 7. Bd3 Bg4 8. h3 Be6 9. O-O g6 10. Nd4 Nd7 11. Nxe6 fxe6 12. f4 Bg7 13. Be3 a5 14. a4 Rb8 15. Qg4 Nf8 16. h4 Bh6 17. h5 Kd7 18. hxg6 Nxg6 19. Qh5 Qf8 20. Bxg6 hxg6 21. Qxg6 Rg8 22. Qd3 Qf5 23. Qxf5 exf5 24. b4 Rg3 25. Rae1 e6 26. bxa5 Ra8 27. Kf2 Rag8 28. Rg1 Bf8 29. Rb1 Kc8 30. a6 bxa6 31. Ba7 Rxc3 32. Rb2 Bc5+ 33. Bxc5 Rxc5 34. Rgb1 Kd7 35. Rb7+ Ke8 36. Rb8+ Kf7 37. R1b7+ 1-0

[Event "26.OHHSenEM2019"]
[Site "Hamburg"]
[Date "2019.11.11"]
[Round "1.16"]
[White "Stuhlmann, Alexander"]
[Black "Hinrichs, Winfried"]
[Result "1-0"]
[WhiteElo "1759"]
[BlackElo "1424"]
[PlyCount "147"]
[EventDate "2019.??.??"]
[WhiteTeam "SK Johanneum Eppendorf"]
[BlackTeam "Langenhorner SF 1928"]

1. e4 c5 2. c3 d6 3. Nf3 Nf6 4. Bb5+ Bd7 5. Bxd7+ Nbxd7 6. Qe2 g6 7. O-O Bg7 8. d4 cxd4 9. cxd4 O-O 10. Nc3 a6 11. h3 e5 12. Be3 Re8 13. dxe5 dxe5 14. Rfd1 Qe7 15. Bg5 Qe6 16. Rac1 h6 17. Be3 Rac8 18. Nd2 b5 19. Nb3 Bf8 20. f3 Nb6 21. Bxb6 Qxb6+ 22. Kh2 Nh5 23. Nd5 Qb8 24. g4 Nf4 25. Nf6+ Kh8 26. Rxc8 Rxc8 27. Qd2 Ne6 28. Nd7 Qc7 29. Rc1 Qd8 30. Rxc8 Qxc8 31. Nxf8 Qxf8 32. Qd5 Qb8 33. Nc5 Nxc5 34. Qxc5 Kg7 35. Kg3 Qe8 36. Qd6 a5 37. h4 g5 38. h5 b4 39. Qc5 Qe6 40. Qxa5 Qd6 41. Qd5 Qf6 42. Qd2 Qb6 43. Kg2 Qc5 44. Kf1 Qc4+ 45. Ke1 Qxa2 46. Qxb4 Qb1+ 47. Kd2 Qf1 48. Qc3 Qf2+ 49. Kc1 Qf1+ 50. Kc2 Qe2+ 51. Kb3 Qd1+ 52. Kc4 Qa4+ 53. Kc5 Qa7+ 54. Kd5 f6 55. Qc6 Qf7+ 56. Kc5 Qe7+ 57. Kb6 Qb4+ 58. Kc7 Qxb2 59. Qd7+ Kf8 60. Qd6+ Kf7 61. Qd5+ Kg7 62. Kd7 Qd4 63. Ke6 Qb6+ 64. Ke7 Qb4+ 65. Ke8 Qf8+ 66. Kd7 Qb8 67. Qd6 Qb5+ 68. Kd8 Qa5+ 69. Qc7+ Qxc7+ 70. Kxc7 Kg8 71. Kd6 Kf7 72. Kd7 Kf8 73. Ke6 Kg7 74. Ke7 1-0

[Event "26.OHHSenEM2019"]
[Site "Hamburg"]
[Date "2019.11.11"]
[Round "1.17"]
[White "Flader, Willi"]
[Black "Krotofil, Kurt"]
[Result "0-1"]
[WhiteElo "1319"]
[BlackElo "1756"]
[PlyCount "102"]
[EventDate "2019.??.??"]
[WhiteTeam "SC Schwarz-Weiss Harburg"]
[BlackTeam "Niendorfer TSV 1919 SAbt"]

1. e4 c5 2. Nf3 Nc6 3. c4 g6 4. Nc3 Bg7 5. Nd5 e6 6. Nf4 Nf6 7. d3 O-O 8. Be2 b6 9. Nh3 d6 10. Bg5 h6 11. Bh4 e5 12. Qd2 Bxh3 13. gxh3 Kh7 14. Rg1 Qd7 15. Bf1 Nh5 16. Bg3 f5 17. Qe2 Qf7 18. O-O-O f4 19. Bh4 Nd4 20. Nxd4 cxd4 21. f3 Bf6 22. Be1 b5 23. Bb4 bxc4 24. dxc4 Qc7 25. Qg2 Rg8 26. Bd3 g5 27. Qe2 Ng7 28. Rg4 h5 29. Rg2 h4 30. Rdg1 Ne6 31. Qf1 Rab8 32. Ba3 Rb6 33. Rc2 Rgb8 34. Rgg2 Qb7 35. Qg1 Kh6 36. Rgd2 Ra6 37. Kd1 Nc5 38. Bf1 Ra5 39. Qg4 Qf7 40. Rg2 Ra6 41. Qf5 Qg6 42. Qg4 Ra4 43. Kc1 Be7 44. Rg1 Qf7 45. Qg2 Ra5 46. Qd2 Bd8 47. Rg4 Qb7 48. Qg2 Rxa3 49. bxa3 Qb1+ 50. Kd2 Ba5+ 51. Rc3 Bxc3+ 0-1

[Event "26.OHHSenEM2019"]
[Site "Hamburg"]
[Date "2019.11.11"]
[Round "1.18"]
[White "Chmielewski, Axel"]
[Black "Lohkamp, Rolf"]
[Result "1-0"]
[WhiteElo "1746"]
[BlackElo "1266"]
[PlyCount "71"]
[EventDate "2019.??.??"]
[WhiteTeam "Volksdorfer SK 1948"]
[BlackTeam "Hamburger SK von 1830 eV"]

1. d4 d5 2. c4 Nf6 3. cxd5 Nxd5 4. e4 Nb6 5. Nc3 e6 6. Nf3 Bb4 7. Be3 O-O 8. Bd3 Na6 9. O-O c5 10. Rc1 cxd4 11. Bxd4 Bc5 12. Ne2 Nd7 13. Bc3 b6 14. Qa4 Nc7 15. Rfd1 a5 16. Bb1 b5 17. Qc2 b4 18. Be5 Na6 19. Bg3 f6 20. e5 f5 21. Qa4 Qe8 22. Qb3 Nc7 23. Rxd7 Bxd7 24. Rxc5 Ba4 25. Qe3 Qd7 26. Rc1 Nd5 27. Qd2 Rac8 28. Bd3 Rxc1+ 29. Nxc1 Rc8 30. Ne2 Bb5 31. Bxb5 Qxb5 32. Nfd4 Qe8 33. h3 Qf7 34. Qd3 f4 35. Bh2 f3 36. Nxf3 1-0

[Event "26.OHHSenEM2019"]
[Site "Hamburg"]
[Date "2019.11.11"]
[Round "1.19"]
[White "Springer, Wolfgang Wilhelm"]
[Black "Tscherepanov, Leon"]
[Result "0-1"]
[WhiteElo "1245"]
[BlackElo "1732"]
[PlyCount "60"]
[EventDate "2019.??.??"]
[WhiteTeam "Hamburger SK von 1830 eV"]
[BlackTeam "Hamburger SK von 1830 eV"]

1. c4 e6 2. Nc3 d5 3. cxd5 exd5 4. e3 Nf6 5. Nf3 c6 6. g3 Bd6 7. Bg2 Bf5 8. d4 O-O 9. a3 Nbd7 10. Nh4 Bg4 11. f3 Be6 12. O-O g5 13. f4 gxh4 14. f5 hxg3 15. hxg3 Bxg3 16. fxe6 fxe6 17. e4 Kh8 18. Bg5 Qe8 19. Rf3 Bc7 20. e5 Ng8 21. Rxf8 Qxf8 22. Qh5 Qg7 23. Rf1 Rf8 24. Ne2 Rxf1+ 25. Kxf1 Qf8+ 26. Kg1 Bb6 27. Qh4 Nxe5 28. Nf4 Bxd4+ 29. Kh2 Bxb2 30. Bh3 Nf3+ 0-1

[Event "26.OHHSenEM2019"]
[Site "Hamburg"]
[Date "2019.11.11"]
[Round "1.20"]
[White "Keuneke, Hanno"]
[Black "Hofmeier, Arthur"]
[Result "1-0"]
[WhiteElo "1675"]
[BlackElo "1188"]
[PlyCount "98"]
[EventDate "2019.??.??"]
[WhiteTeam "Langenhorner SF 1928"]
[BlackTeam "Hamburger SK von 1830 eV"]

1. e4 c5 2. Nf3 e6 3. d4 a6 4. Nc3 cxd4 5. Nxd4 Nc6 6. Be3 Qc7 7. Be2 Nge7 8. O-O Ng6 9. Qd2 b5 10. a3 Bb7 11. f4 Bc5 12. Nxc6 Qxc6 13. Bxc5 Qxc5+ 14. Kh1 O-O 15. Rad1 Bc6 16. Qd6 Qxd6 17. Rxd6 Rfd8 18. f5 Ne5 19. b3 Rab8 20. Rfd1 a5 21. R1d4 b4 22. axb4 Rxb4 23. Rxb4 axb4 24. Na2 Rb8 25. Rd4 d5 26. Nxb4 Ba8 27. exd5 exf5 28. Nd3 f6 29. Rb4 Rd8 30. c4 g5 31. Rb6 Kg7 32. Nc5 Re8 33. Ne6+ Kg6 34. Nc7 Rc8 35. Nxa8 Rxa8 36. Kg1 Ra1+ 37. Kf2 h5 38. c5 Nd7 39. Rb5 Ra3 40. c6 Ne5 41. c7 Ng4+ 42. Ke1 Ra1+ 43. Bd1 Ne3 44. c8=Q Rxd1+ 45. Ke2 f4 46. Qe8+ Kf5 47. d6+ Rd5 48. Rxd5+ Nxd5 49. d7 Kg4 1-0

[Event "26.OHHSenEM2019"]
[Site "Hamburg"]
[Date "2019.11.11"]
[Round "1.21"]
[White "Krueger, Dietrich"]
[Black "Marquardt, Rolf"]
[Result "0-1"]
[WhiteElo "1042"]
[BlackElo "1632"]
[PlyCount "80"]
[EventDate "2019.??.??"]
[WhiteTeam "Barmbeker SK 1926 eV"]
[BlackTeam "Langenhorner SF 1928"]

1. d4 Nf6 2. Nc3 d5 3. Bf4 c6 4. e3 Bf5 5. Bd3 Bxd3 6. cxd3 Nbd7 7. Qf3 Qb6 8. Rb1 e6 9. Nge2 c5 10. O-O cxd4 11. exd4 a6 12. a3 Bd6 13. Qg3 Nh5 14. Qg5 Nxf4 15. Nxf4 Qxd4 16. Nce2 Qf6 17. Qg4 Ne5 18. Qg3 Nxd3 19. Qxd3 Bxf4 20. g3 Bd6 21. f4 O-O 22. b4 Rfc8 23. Rb3 b5 24. Nd4 Rc4 25. Nf3 Rac8 26. Ne5 Bxe5 27. fxe5 Qxe5 28. Qf3 Qd4+ 29. Kg2 Qe4 30. Kh3 Qxf3 31. Rbxf3 f6 32. g4 Rc3 33. g5 d4 34. gxf6 gxf6 35. Kg4 Rxf3 36. Rxf3 Kf7 37. Kf4 e5+ 38. Ke4 Ke6 39. Rh3 Rc3 40. Rxh7 Re3# 0-1

[Event "26. Offene Hamburger SEM 2019 65+"]
[Site "Hamburg"]
[Date "2019.11.12"]
[Round "2.1"]
[White "Emami, Madjid"]
[Black "Kornrumpf, Joachim"]
[Result "1-0"]
[WhiteElo "1907"]
[BlackElo "2054"]
[PlyCount "137"]
[EventDate "2019.??.??"]
[WhiteTeam "Hamburger SK von 1830 eV"]
[BlackTeam "Preetzer TSV"]

{[%evp 0,81,28,28,57,37,22,6,15,14,17,-2,-9,-1,10,0,4,-5,22,19,34,31,38,35,34,32,35,32,30,-1,31,34,28,21,14,18,13,14,36,25,33,7,20,30,43,38,59,44,18,-57,43,45,42,-154,-154,-154,-154,-148,-140,-273,-80,-80,-69,-188,-134,-180,-149,-85,-95,-87,-31,-139,-139,-235,-370,-651,-635,-643,-172,-191,0,0,279,451]} 1. Nf3 c5 2. e3 Nf6 3. b3 e6 4. Bb2 Be7 5. g3 b6 6. Bg2 Bb7 7. O-O O-O 8. c4 d6 9. d4 Qc7 10. Nc3 a6 11. d5 exd5 12. Nxd5 Nxd5 13. cxd5 Nd7 14. Nh4 Bf6 15. Bxf6 Nxf6 16. Qd3 g6 17. e4 Rfe8 18. Rfe1 Rad8 19. Qd2 Qe7 20. b4 Nd7 21. f4 Qf6 22. Rad1 Rc8 23. bxc5 Rxc5 24. Rc1 Rec8 25. Rxc5 Rxc5 26. Rc1 Rxc1+ 27. Qxc1 Qd4+ 28. Kh1 Nc5 29. h3 b5 30. Qe1 b4 31. Kh2 a5 32. Qe2 a4 33. Qb5 b3 34. axb3 axb3 35. Qe8+ Kg7 36. Qe7 Qf6 37. Qc7 b2 38. Qb6 Qd4 39. e5 Qc3 40. Qxd6 Qa5 41. Qf6+ Kg8 42. e6 fxe6 43. dxe6 Qc7 44. e7 Qc8 45. Bxb7 Nxb7 46. Qxb2 Kf7 47. Nf3 Kxe7 48. Qg7+ Kd6 49. g4 Qd7 50. Qe5+ Kc6 51. Nd4+ Kb6 52. f5 gxf5 53. gxf5 Qc7 54. Qxc7+ Kxc7 55. Kg3 Kd6 56. Kf4 h6 57. h4 Nd8 58. h5 Kd5 59. Nf3 Nf7 60. Nh2 Kd6 61. Ng4 Ke7 62. Ne5 Ng5 63. Ng4 Nf7 64. Ke4 Kd6 65. Kd4 Ke7 66. Kd5 Kf8 67. Ke6 Kg7 68. f6+ Kg8 69. Ke7 1-0

[Event "26. Offene Hamburger SEM 2019 65+"]
[Site "Hamburg"]
[Date "2019.11.12"]
[Round "2.2"]
[White "Grimm, Uwe"]
[Black "Duemmke, Juergen"]
[Result "1-0"]
[WhiteElo "2045"]
[BlackElo "1831"]
[PlyCount "87"]
[EventDate "2019.??.??"]
[WhiteTeam "MTV Dannenberg"]
[BlackTeam "SV Grosshansdorf"]

{[%evp 0,87,19,-30,-29,12,6,6,1,-34,-19,-45,-44,-57,-56,-48,7,9,45,44,35,17,57,85,116,123,120,126,130,130,123,71,121,71,114,109,107,96,93,95,109,53,53,53,53,53,142,150,180,163,219,215,297,325,291,291,301,293,310,261,367,346,351,299,342,213,260,242,250,161,208,229,214,254,228,171,235,170,275,274,294,281,294,289,362,365,482,482,29997,29998]} 1. f4 e5 2. fxe5 d6 3. Nf3 dxe5 4. e4 Nc6 5. Bc4 Bc5 6. c3 Nf6 7. b4 Bd6 8. d3 Qe7 9. O-O O-O 10. Bg5 Be6 11. Nh4 Rfd8 12. Bxf6 gxf6 13. Nd2 Kh8 14. Qh5 Rg8 15. Rf2 a5 16. b5 Nb8 17. Nf5 Bxf5 18. Rxf5 Rg6 19. Raf1 Nd7 20. Qh3 Rag8 21. g3 Bc5+ 22. Kh1 Be3 23. Rh5 Nf8 24. Nf3 R6g7 25. Nh4 Rg5 26. Nf5 Rxf5 27. Rhxf5 Bg5 28. Qh5 Ne6 29. R5f2 Rg7 30. h4 Be3 31. Rf3 Bd2 32. Bxe6 Qxe6 33. Qf5 Qxf5 34. exf5 Bxc3 35. Rc1 e4 36. dxe4 Be5 37. Kg2 Rg8 38. Rd3 Re8 39. Kf3 h5 40. Rd7 Rg8 41. Rg1 Kg7 42. g4 Kh6 43. Rxf7 Rd8 44. g5+ 1-0